| Tag |
First Indicator |
Second Indicator |
Subfields |
| LEADER |
00000cam a2200000 4500 |
| 001 |
in00000093557 |
| 005 |
20150927070155.0 |
| 008 |
710304s1971 nyuac 00110 eng |
| 010 |
|
|
|a 72021233
|
| 020 |
|
|
|a 0817403566
|c $8.95
|
| 035 |
|
|
|a (OCoLC)00122567
|
| 035 |
|
|
|9 AAL5404AM
|
| 040 |
|
|
|a DLC
|c DLC
|d TXA
|d UtOrBLW
|
| 049 |
|
|
|a TXAM
|c [708853]
|
| 050 |
0 |
0 |
|a TR590
|b .W6 1971
|
| 082 |
0 |
|
|a 778.7/2
|
| 100 |
1 |
|
|a Woolley, A. E.
|q (Al E.),
|d 1926-1997.
|
| 245 |
1 |
0 |
|a Photographic lighting /
|c [by] A. E. Woolley.
|
| 264 |
|
1 |
|a New York :
|b American Photographic Book Pub. Co.,
|c [1971]
|
| 300 |
|
|
|a 136 pages :
|b illustrations, portraits ;
|c 26 cm.
|
| 336 |
|
|
|a text
|b txt
|2 rdacontent
|
| 337 |
|
|
|a unmediated
|b n
|2 rdamedia
|
| 338 |
|
|
|a volume
|b nc
|2 rdacarrier
|
| 650 |
|
0 |
|a Portrait photography
|x Lighting.
|
| 999 |
|
|
|a MARS
|
| 999 |
f |
f |
|s c527726d-d83a-3646-b000-b1c5f1a0a3de
|i a1c8638d-144e-394d-895d-641e9f33c049
|t 0
|
| 952 |
f |
f |
|p ric
|a Texas A&M University
|b Rellis Campus
|c Joint Library Facility
|d Remote Storage
|t 0
|e TR590 .W6 1971
|h Library of Congress classification
|i unmediated -- volume
|m A14805627529
|
| 998 |
f |
f |
|a TR590 .W6 1971
|t 0
|l Remote Storage
|